Longman kamus kata banyak makna (Record no. 105062)

MARC details
000 -LEADER
fixed length control field 00656nam a2200229 i 4500
001 - CONTROL NUMBER
control field C2-0301268
003 - CONTROL NUMBER IDENTIFIER
control field PPAK
005 - DATE AND TIME OF LATEST TRANSACTION
control field 20180728082611.0
008 - FIXED-LENGTH DATA ELEMENTS--GENERAL INFORMATION
fixed length control field 091207s2010 my a|||| ||||| | may d
020 ## - INTERNATIONAL STANDARD BOOK NUMBER
International Standard Book Number 9789673399178
040 ## - CATALOGING SOURCE
Original cataloging agency PPAK
Language of cataloging eng
Transcribing agency PPAK
Description conventions rda
082 04 - DEWEY DECIMAL CLASSIFICATION NUMBER
Classification number 499.2331
Edition number 23
090 00 - LOCALLY ASSIGNED LC-TYPE CALL NUMBER (OCLC); LOCAL CALL NUMBER (RLIN)
Classification number (OCLC) (R) ; Classification number, CALL (RLIN) (NR) 499.2331
Feature heading LON
Feature heading RK
245 00 - TITLE STATEMENT
Title Longman kamus kata banyak makna
264 #1 - PRODUCTION, PUBLICATION, DISTRIBUTION, MANUFACTURE, AND COPYRIGHT NOTICE
Place of production, publication, distribution, manufacture Petaling Jaya, Selangor :
Name of producer, publisher, distributor, manufacturer Pearson Malaysia ,
Date of production, publication, distribution, manufacture, or copyright notice 2010
300 ## - PHYSICAL DESCRIPTION
Extent xiv, 321 pages :
Other physical details illustrations ;
Dimensions 21 cm
336 ## - CONTENT TYPE
Source rdacontent
Content type term text
337 ## - MEDIA TYPE
Source rdamedia
Media type term unmediated
338 ## - CARRIER TYPE
Source rdacarrier
Carrier type term volume
650 10 - SUBJECT ADDED ENTRY--TOPICAL TERM
Topical term or geographic name entry element Malay language - Sentences
942 ## - ADDED ENTRY ELEMENTS (KOHA)
-- dc
Koha item type Book
Holdings
Withdrawn Not for loan Current library Shelving location Date acquired Total Checkouts Full call number Barcode Date last seen Koha item type
  Not For Loan PD31, Kg. Gelam, Bedong Rujukan Kanak-kanak 17/12/2009   RK 499.2331 LON A01337605 09/05/2018 Book
  Not For Loan PD33, Kg. Belau, Merbok Rujukan Kanak-kanak 17/12/2009   RK 499.2331 LON A01337607 09/05/2018 Book
  Not For Loan PD34, Kg. Pantai Prai Rujukan Kanak-kanak 31/03/2010   RK 499.2331 LON A01324322 09/05/2018 Book
  Not For Loan T-PD32, Kg. Thye Eng, Bedong Rujukan Kanak-kanak 17/12/2009   RK 499.2331 LON A01337606 09/05/2018 Book